Carnets d'un fantassin, Massiges, Verdun.

Saved in:
Bibliographic Details
Main Author: Delvert, Charles, 1879-1940.
Format: Book
Language:French
Published: Paris, Durassié Cie, 1966.
Subjects:
Tags: Add Tag
No Tags, Be the first to tag this record!
LEADER 00892nam a2200241I 4500
001 004580654-3
005 20031113124458.0
008 850716s1966 fr ab 000 0 frer
010 |a  66078127  
035 0 |a ocm12268936 
040 |a DLC  |c BUF  |d BUF  |d HLS 
050 0 |a D640  |b .D445 1966 
100 1 |a Delvert, Charles,  |d 1879-1940. 
245 1 0 |a Carnets d'un fantassin, Massiges, Verdun. 
260 |a Paris,  |b Durassié Cie,  |c 1966. 
300 |a 222 p.  |b illus., col. map.  |c 20 cm. 
500 |a At head of title: Capitaine Delvert, 1916-1918. 
500 |a Cover illustrated in color. 
650 0 |a World War, 1914-1918  |x Personal narratives, French. 
655 7 |a Personal narratives  |v French.  |2 fast 
776 0 8 |i Online version:  |a Delvert, Charles (Charles Laurent), 1879-  |t Carnets d'un fantassin, Massiges, Verdun.  |d Paris, Durassié Cie, 1966  |w (OCoLC)630140776 
988 |a 20020608 
906 |0 DLC